A decision support tool to improve project procurement (Record no. 106925)

MARC details
000 -LEADER
fixed length control field 01012cam a22002055a 4500
001 - CONTROL NUMBER
control field L137902
008 - FIXED-LENGTH DATA ELEMENTS--GENERAL INFORMATION
fixed length control field 070504s2005 xxk f 000 0 eng d
035 ## - SYSTEM CONTROL NUMBER
System control number (Sirsi) u137902
041 0# - LANGUAGE CODE
Language code of text/sound track or separate title eng
100 1# - MAIN ENTRY--PERSONAL NAME
Personal name Sidwell, Tony
245 02 - TITLE STATEMENT
Title A decision support tool to improve project procurement
Medium [electronic resource]
260 ## - PUBLICATION, DISTRIBUTION, ETC.
Date of publication, distribution, etc. 2005
520 ## - SUMMARY, ETC.
Summary, etc. Discusses the development of a tool to support decision making in project delivery in order to deliver better value. Examines best practice project delivery and the developed a suite of products, resources and services to guide project teams towards the best approach for a specific project.
651 #4 - SUBJECT ADDED ENTRY--GEOGRAPHIC NAME
Geographic name International
690 ## - LOCAL SUBJECT ADDED ENTRY--TOPICAL TERM (OCLC, RLIN)
Topical term or geographic name as entry element Procurement
9 (RLIN) 6260
690 ## - LOCAL SUBJECT ADDED ENTRY--TOPICAL TERM (OCLC, RLIN)
Topical term or geographic name as entry element Project management
9 (RLIN) 6261
711 2# - ADDED ENTRY--MEETING NAME
Meeting name or jurisdiction name as entry element Construction and Building Research Conference
Location of meeting University of Queensland, Brisbane
Date of meeting or treaty signing 4-5 July 2005
856 40 - ELECTRONIC LOCATION AND ACCESS
Uniform Resource Identifier <a href="https://www.rics.org/site/scripts/download_info.aspx?downloadID=2585">https://www.rics.org/site/scripts/download_info.aspx?downloadID=2585</a>
Public note View the item free of charge online at www.rics.org...
942 ## - ADDED ENTRY ELEMENTS (KOHA)
Suppress in OPAC 0
Holdings
Withdrawn status Lost status Source of classification or shelving scheme Damaged status Not for loan Home library Current library Shelving location Date acquired Total Checkouts Full call number Barcode Date last seen Copy number Price effective from Koha item type
    Dewey Decimal Classification     Virtual Virtual Online 04/05/2007   ONLINE PUBLICATION 137902-2001 06/08/2019 1 06/08/2019 Book